Loading...
| Current Events | 3 | 6.67 | 33% | 33% | 0% |
| Fine Arts - Classical Music | 6 | 10.00 | 83% | 17% | 0% |
| Fine Arts - Other Fine Arts | 4 | 7.50 | 75% | 0% | 0% |
| Geography | 1 | 20.00 | 100% | 100% | 0% |
| History - American History | 4 | 7.50 | 75% | 0% | 0% |
| History - European History | 1 | 0.00 | 0% | 0% | 0% |
| History - Other History | 4 | 12.50 | 100% | 25% | 0% |
| History - World History | 4 | 10.00 | 100% | 0% | 0% |
| Literature - American Literature | 2 | 15.00 | 100% | 50% | 0% |
| Literature - British Literature | 3 | 10.00 | 100% | 0% | 0% |
| Literature - European Literature | 4 | 15.00 | 100% | 50% | 0% |
| Literature - World Literature | 4 | 12.50 | 75% | 25% | 25% |
| Mythology | 5 | 24.00 | 100% | 60% | 80% |
| Painting/Sculpture | 1 | 10.00 | 100% | 0% | 0% |
| Philosophy | 1 | 20.00 | 100% | 100% | 0% |
| Pop Culture | 2 | 20.00 | 50% | 100% | 50% |
| Religion | 4 | 15.00 | 100% | 50% | 0% |
| Science - Biology | 6 | 20.00 | 100% | 67% | 33% |
| Science - Chemistry | 5 | 18.00 | 100% | 80% | 0% |
| Science - Other Science | 3 | 10.00 | 100% | 0% | 0% |
| Science - Physics | 5 | 10.00 | 60% | 40% | 0% |
| Social Science | 2 | 15.00 | 100% | 50% | 0% |